Statistics for History Quiz: Which Came First? #1

Click here to take the quiz!

General Stats

  • This quiz has been taken 901 times
  • The average score is 5 of 15

Answer Stats

QuestionAnswer% Correct
The construction of which of these began the earliest?Ziggurat of Ur
72%
Which of these religious figures lived the earliest?Zoroaster
45%
Which of these Egyptian pharaohs ruled first?Hatshepsut
43%
Which of these occurred first?Bhola cyclone
40%
Which Andean civilisation is the oldest?Moche
40%
Which of these empires was established first?Latin Empire
39%
Out of these islands, which one was the first to be inhabited by humans?Hokkaido
35%
Which of these Australian cities was founded first?Hobart
30%
Which of these was established first?Harvard University
29%
Which of these journeys occurred the earliest?Marco Polo travels along the Silk Road
28%
Which of these caliphates was established first?Rashidun
27%
Which monarch was born first?George III (of the United Kingdom)
26%
Which of these animals was the first to go extinct?Passenger pigeon
23%
The Roman settlement on the site of which of these modern cities was established first?Canterbury
22%
Which of these was completed first?Eiffel Tower
13%

Score Distribution

Percentile by Number Answered

Percent of People with Each Score

Your Score History

You have not taken this quiz